| Tag |
First Indicator |
Second Indicator |
Subfields |
| LEADER |
00000cam a2200000 a 4500 |
| 001 |
in00000056344 |
| 005 |
20151007081903.0 |
| 008 |
780223s1930 mnu b 00010 engm |
| 010 |
|
|
|a 31001108
|
| 035 |
|
|
|a (OCoLC)03662897
|
| 035 |
|
|
|9 AAF7059AM
|
| 040 |
|
|
|a DLC
|c AFU
|d m.c.
|d TXA
|d UtOrBLW
|
| 049 |
|
|
|a TXAM
|c 1 [415354], 2 [1501619]
|
| 090 |
|
|
|a B1498
|b .K8 1930
|
| 100 |
1 |
|
|a Kuypers, Mary Shaw,
|d 1891-
|
| 245 |
1 |
0 |
|a Studies in the eighteenth century background of Hume's empiricism /
|c by Mary Shaw Kuypers.
|
| 264 |
|
1 |
|a Minneapolis :
|b The University of Minnesota press,
|c 1930.
|
| 300 |
|
|
|a viii, 140 pages ;
|c 23 cm.
|
| 336 |
|
|
|a text
|b txt
|2 rdacontent
|
| 337 |
|
|
|a unmediated
|b n
|2 rdamedia
|
| 338 |
|
|
|a volume
|b nc
|2 rdacarrier
|
| 504 |
|
|
|a Bibliography: pages 135-140.
|
| 600 |
1 |
0 |
|a Hume, David,
|d 1711-1776.
|
| 650 |
|
0 |
|a Philosophy, English.
|
| 999 |
|
|
|a MARS
|
| 999 |
f |
f |
|s 48d9749f-ee4b-378f-b72a-e4f3e7c29c40
|i 0e9700a0-e8d9-3e4d-a9c9-7d2fbceb59d3
|t 0
|
| 952 |
f |
f |
|p ric
|a Texas A&M University
|b Rellis Campus
|c Joint Library Facility
|s JLF
|d Remote Storage
|t 0
|e B1498 .K8 1930
|h Library of Congress classification
|i unmediated -- volume
|m A14806080495
|
| 998 |
f |
f |
|a B1498 .K8 1930
|t 0
|l Remote Storage
|